| 000 | 00812nam a2200265Ia 4500 | ||
|---|---|---|---|
| 003 | OSt | ||
| 005 | 20221005022722.0 | ||
| 006 | a|||||r|||| 00| 0 | ||
| 007 | ta | ||
| 008 | 221004b |||||||| |||| 00| 0 eng d | ||
| 020 |
_a90 272 3356 X (hbk) _c7392.5 |
||
| 024 | _a86901 | ||
| 037 |
_b11593, 16/03/2007, Govinda Book House _cTextual |
||
| 040 |
_aCRL _cCRL _beng |
||
| 041 |
_2eng _aeng |
||
| 082 | _aP:3:(G), P6 | ||
| 100 |
_aBoeckx Cedric Ed. _927269 |
||
| 245 | 0 | _aAgreement systems | |
| 260 |
_aAmsterdam _bJohn Benjamins Publishing Company _c2006 |
||
| 300 |
_avi, 346p. _ccm. |
||
| 490 | _aLinguistik aktuell/ linguistics today | ||
| 650 | _aLINGUISTICS | ||
| 942 |
_hP:3:(G), P6 _cTEXL _2cc |
||
| 999 |
_c929917 _d929917 |
||